Science Quiz

Random Science or Math Quiz

Trivia Grid Blitz - Numbers Quiz Stats

 Plays Quiz Updated Jan 22, 2018

Challenge
Share
Tweet
Score 0/12 Timer 01:30
2 Plays Today
% Correct
???
97%
???
62.1%
???
55.1%
???
54.7%
???
48.1%
???
47.6%
???
41.6%
???
40.7%
???
34.2%
???
27.7%
???
26.6%
???
24.4%

You're not logged in!

Compare scores with friends on all Sporcle quizzes.
Join for Free
OR
Log In

You Might Also Like...

Show Comments

Extras

ReportIcon Source: letters_and_numbers_mats....
Tags:Blitz Quiz, Logic Quiz, Math Quiz, Minefield Quiz, Numbers Quiz, Quick Math

Top Quizzes Today


Score Distribution

Your Account Isn't Verified!

In order to create a playlist on Sporcle, you need to verify the email address you used during registration. Go to your Sporcle Settings to finish the process.

Report this User

Report this user for behavior that violates our Community Guidelines.

Details: